Loading...
| Fine Arts - Auditory Fine Arts | 3 | 6.67 | 67% | 0% | 0% |
| Fine Arts - Other Fine Arts | 5 | 8.00 | 60% | 20% | 0% |
| Fine Arts - Visual Fine Arts | 2 | 10.00 | 100% | 0% | 0% |
| Geography | 1 | 0.00 | 0% | 0% | 0% |
| History - European History | 3 | 6.67 | 67% | 0% | 0% |
| History - Other History | 3 | 10.00 | 67% | 33% | 0% |
| History - World History | 3 | 6.67 | 67% | 0% | 0% |
| Literature - American Literature | 3 | 6.67 | 67% | 0% | 0% |
| Literature - British Literature | 2 | 5.00 | 50% | 0% | 0% |
| Literature - European Literature | 4 | 5.00 | 50% | 0% | 0% |
| Literature - World Literature | 1 | 10.00 | 100% | 0% | 0% |
| Other Academic | 3 | 16.67 | 100% | 67% | 0% |
| Philosophy | 1 | 10.00 | 100% | 0% | 0% |
| Religion | 2 | 5.00 | 50% | 0% | 0% |
| Science - Biology | 4 | 7.50 | 25% | 25% | 25% |
| Science - Chemistry | 3 | 6.67 | 67% | 0% | 0% |
| Science - Other Science | 3 | 13.33 | 100% | 0% | 33% |
| Science - Physics | 3 | 13.33 | 67% | 33% | 33% |
| Social Science | 1 | 20.00 | 100% | 100% | 0% |